Memoria leída en el Conservatorio de Artes Escuela Nacional de Comercio, Artes y Oficios en la apertura del curso de 1875 a 1876 por el Excmo. Sr. D. Joaquín María Sanromá. (Record no. 153251)

MARC details
000 -LEADER
campo de control de longitud fija 00880nam a22001935i 4500
001 - NÚMERO DE CONTROL
campo de control 153251
003 - IDENTIFICADOR DE NÚMERO DE CONTROL
campo de control ES-MaACL
005 - FECHA Y HORA DE LA ÚLTIMA TRANSACCIÓN
campo de control 20231227143446.0
008 - DATOS DE LONGITUD FIJA--INFORMACIÓN GENERAL
campo de control de longitud fija 990701s1875 sp d |||| | spa d
040 ## - FUENTE DE CATALOGACIÓN
Centro catalogador/agencia de origen GA
Lengua de catalogación spa
Centro/agencia transcriptor CCPB | 3D
110 2# - ENTRADA PRINCIPAL--NOMBRE DE ENTIDAD CORPORATIVA
Nombre de entidad corporativa o nombre de jurisdicción como elemento de entrada Conservatorio de Artes.
Unidad subordinada Escuela Nacional de Comercio, Artes y Oficios.
9 (RLIN) 222005
245 10 - MENCIÓN DEL TÍTULO
Título Memoria leída en el Conservatorio de Artes Escuela Nacional de Comercio, Artes y Oficios en la apertura del curso de 1875 a 1876 por el Excmo. Sr. D. Joaquín María Sanromá.
260 ## - PUBLICACIÓN, DISTRIBUCIÓN, ETC.
Lugar de publicación, distribución, etc. Madrid :
Nombre del editor, distribuidor, etc. [s.n.],
Fecha de publicación, distribución, etc. 1875 (
Fabricante Imprenta y Fundición de Manuel Tello)
300 ## - DESCRIPCIÓN FÍSICA
Extensión 42 p. ;
Dimensiones 27 cm.
700 11 - ENTRADA AGREGADA--NOMBRE PERSONAL
Nombre de persona Sanromá, Joaquín María,
Fechas asociadas al nombre 1828-1895
9 (RLIN) 103198
852 ## - LOCALIZACIÓN
Ubicación ES-MaACL
Número de control de estantería T-382-F-17
Nota libre -- Enc. hol.
-- -- Enc. en un vol. facticio
852 ## - LOCALIZACIÓN
Ubicación ES-MaACL
Número de control de estantería T-176-F-4
Nota libre -- Enc. hol.
-- -- Enc. en un vol. facticio
Holdings
Estatus retirado Estado de pérdida Estado de daño No para préstamo Colección Biblioteca de origen Biblioteca actual Ubicación en estantería Fecha de adquisición Total de préstamos Signatura topográfica completa Código de barras Visto por última vez Precio de reemplazo Tipo de ítem Koha
        Colección de folletos Biblioteca del Ateneo de Madrid Biblioteca del Ateneo de Madrid Depósito folletos 17/01/2008   T-176-F-4 1160144 23/02/2023 23/02/2023 Folleto
        Colección de folletos Biblioteca del Ateneo de Madrid Biblioteca del Ateneo de Madrid Depósito folletos 17/01/2008   T-382-F-17 1160143 23/02/2023 23/02/2023 Folleto